000 00852cad a22002055a 4500
001 L157073
008 120829s2012 xxk f 000 0 eng d
020 _a9781842198094
035 _a(Sirsi) u157073
041 0 _aeng
100 1 _aPain, Kathy
245 0 0 _aLocational investment
_bwhere to target investment for maximum economic returns
_h[electronic resource]
260 _aLondon
_bRICS
_c2012
490 0 _aRICS Research
520 _aThis paper looks at recent European research which it is hoped will provide a framework within which steps can be taken to deliver a sustainable vision for cities.
651 4 _aEurope
690 _aPlanning and development
_96259
856 4 0 _uhttps://www.rics.org/profession-standards/knowledge-and-information-services/document-delivery-and-o
_zemail [email protected] to request a copy
942 _n0
999 _c114574
_d114574